| 000 | 00756nam a2200217Ia 4500 | ||
|---|---|---|---|
| 003 | GCL | ||
| 005 | 20240530101950.0 | ||
| 008 | 140319s9999 xx 000 0 ara d | ||
| 040 |
_aGCL / _cGCL |
||
| 082 | 0 | 4 |
_a349.7 _bم ب |
| 100 | 0 | _aمحمد المرسى زهرة | |
| 245 | 1 | 0 |
_aبيع المبانى تحت الانشاء (دراسة مقارنة فى القانون المصرى والفرنسى والكويتى) / _cمحمد المرسى زهرة |
| 260 |
_a[S.N] : _bسيد عبد الله وهبه ، _c1987 |
||
| 300 | _a724 ص | ||
| 650 | 0 | 4 | _aالقانون |
| 650 | 0 | 4 | _aالقانون المدنى |
| 650 | 0 | 4 | _aقوانين وتشريعات |
| 650 | 0 | 4 | _aالقانون المقارن |
| 650 | 0 | 4 | _aالبناء |
| 942 |
_2ddc _cBK |
||
| 999 |
_c29047 _d29047 |
||